Arawanas manual para la cria comercial en cautiverio: (Registro nro. 5273)
[ vista simple ]
| 000 -CABECERA | |
|---|---|
| Campo de control | 00981nam a2200229 a 4500 |
| 005 - FECHA Y HORA DE LA ULTIMA TRANSACCION | |
| Campo de control | 20150804174105.0 |
| 008 - ELEMENTOS DE LONGITUD FIJA—INFORMACION GENERAL | |
| Campo de control | 140319b2005 ||||| |||| 00| 0 spa d |
| 040 ## - FUENTE DE CATALOGACIÓN | |
| Agencia catalogadora original | CO-BoIAVH |
| Agencia transcriptora | CO-BoIAVH |
| 041 ## - IDIOMA | |
| Código de idioma para texto/pista de sonido o título separado | Español |
| 082 04 - NUMERO DE CLASIFICACION DECIMAL DEWEY | |
| Número de clasificación | 636.082 |
| Número del ítem | A69a |
| 100 1# - ASIENTO PRINCIPAL--NOMBRE PERSONAL | |
| Nombre personal | Argumedo Trilleras, Eric Giovanny |
| 9 (RLIN) | 22824 |
| 245 10 - MENCION DE TITULO | |
| Título | Arawanas manual para la cria comercial en cautiverio: |
| Parte restante del título | manejo de reproductores procedimientos de extracción incubación y levante de larvas |
| 246 ## - FORMA VARIANTE DEL TITULO | |
| Título propiamente dicho/forma breve del título | Arawanas manual para la cria comercial en cautiverio: |
| Parte restante del título | manejo de reproductores procedimientos de extracción incubación y levante de larvas. Manejo de reproductores. Procedimientos de extracción. Incubación y levante de larvas.. |
| 260 ## - PUBLICACION, DISTRIBUCION, ETC. (PIE DE IMPRENTA) | |
| Lugar de publicación, distribución, etc. | Florencia: |
| Nombre del editor, distribuidor, etc. | ACUICA, |
| Fecha de publicación, distribución, etc. | 2005. |
| 300 ## - DESCRIPCION FISICA | |
| Extensión | 105 p. |
| 650 #4 - ASIENTO SECUNDARIO DE MATERIA - TERMINO TEMATICO | |
| Término temático o nombre geográfico como elemento de entrada | Cría de animales |
| 9 (RLIN) | 36477 |
| 650 #4 - ASIENTO SECUNDARIO DE MATERIA - TERMINO TEMATICO | |
| Término temático o nombre geográfico como elemento de entrada | Acuicultura |
| 9 (RLIN) | 36478 |
| 651 #6 - ASIENTO SECUNDARIO DE MATERIA - NOMBRE GEOGRAFICO | |
| Nombre geográfico | Osteoglossida |
| 9 (RLIN) | 32837 |
| 651 #6 - ASIENTO SECUNDARIO DE MATERIA - NOMBRE GEOGRAFICO | |
| Nombre geográfico | Arawana azul |
| Subdivisión general | cria |
| 9 (RLIN) | 36479 |
| 651 #6 - ASIENTO SECUNDARIO DE MATERIA - NOMBRE GEOGRAFICO | |
| Nombre geográfico | Arawana plateada |
| Subdivisión general | cria |
| 9 (RLIN) | 36480 |
| 942 ## - ELEMENTOS ADICIONALES (KOHA) | |
| Tipo de ítem | Libro |
| Sistema de clasificación | Dewey Decimal Classification |
| Withdrawn status | Lost status | Sistema de Clasificación | Damaged status | No para préstamo | Colección | Inventariado | Ubicación Permanente | Ubicación actual | Fecha de adquisición | Fuente de Valor | Valor | Total Checkouts | Número topográfico | Inventario / Código de Barras | Date last seen | Ejemplar | Price effective from | Forma de adquisición | Tipo de material |
|---|---|---|---|---|---|---|---|---|---|---|---|---|---|---|---|---|---|---|---|
| Dewey Decimal Classification | General | Inventariado 2017 | Bogotá | Bogotá | 04/08/2015 | Librería de la U | 60000.00 | LB-636.082 A69a | 038856 | 04/08/2015 | Ej. 2 | 04/08/2015 | Libro | ||||||
| Dewey Decimal Classification | General | Inventariado 2017 | Sala Fabio Quevedo | Sala Fabio Quevedo | 21/09/2006 | Librería de la U | 60000.00 | LB-636.082 A69a | 023303 | 04/12/2012 | Ej. 1 | 04/12/2012 | Donación | Libro |